[Event "AUT-ch Rapid"]
[Site "Innsbruck"]
[Date "2024.05.31"]
[Round "7"]
[White "Muehlbacher, Bernhard"]
[Black "Ragchaasuren, Boerte"]
[Result "1-0"]
[WhiteElo "1969"]
[BlackElo "1597"]
[PlyCount "61"]
[EventDate "2024.05.30"]
[EventType "swiss (rapid)"]
[EventRounds "9"]
[EventCountry "AUT"]
[SourceTitle "CBM 220 Extra"]
[Source "ChessBase"]
[SourceDate "2024.07.31"]
[SourceVersion "1"]
[SourceVersionDate "2024.07.31"]
[SourceQuality "1"]

1. c4 c6 2. g3 d5 3. Bg2 Nf6 4. Nf3 e6 5. b3 Bd6 6. Bb2 0-0 7. 0-0 Nbd7 8. d3 Bc7 9. Nbd2 Re8 10. Qc2 e5 11. cxd5 cxd5 12. e4 dxe4 13. dxe4 b6 14. Qc6 Ba6 15. Rfc1 Rc8 16. Qa4 Nc5 17. Rxc5 bxc5 18. Qxa6 Ra8 19. Qc4 Qe7 20. Nf1 Rab8 21. Bc3 Red8 22. Ne3 g6 23. Re1 Re8 24. Nd5 Nxd5 25. exd5 Qf6 26. h4 Qf5 27. Ng5 Bd6 28. Ne4 Rbd8 29. g4 Qf4 30. Bd2 Qxe4 31. Bxe4 1-0

[Event "AUT-ch U16/18 Girls"]
[Site "St Veit"]
[Date "2023.04.06"]
[Round "7"]
[White "Ragchaasuren, Boerte"]
[Black "Marinovic, Sara"]
[Result "0-1"]
[WhiteElo "1322"]
[BlackElo "1556"]
[PlyCount "60"]
[EventDate "2023.04.02"]
[EventType "swiss"]
[EventRounds "7"]
[EventCountry "AUT"]
[SourceTitle "EXT 2024"]
[Source "ChessBase"]
[SourceDate "2023.10.10"]
[SourceVersion "1"]
[SourceVersionDate "2023.10.10"]
[SourceQuality "1"]

1. d4 d5 2. c4 e6 3. Nc3 Nf6 4. cxd5 exd5 5. Bg5 c6 6. e3 Bf5 7. Bd3 Bxd3 8. Qxd3 Be7 9. Nge2 0-0 10. 0-0-0 Nbd7 11. f3 Re8 12. a3 Nb6 13. Rde1 h6 14. Bh4 Nh7 15. Bxe7 Qxe7 16. Nf4 Qd6 17. h4 Rad8 18. g4 Re7 19. Reg1 Rde8 20. Ng2 c5 21. Ne2 Nc4 22. e4 dxe4 23. fxe4 Ne5 24. Qg3 cxd4 25. g5 Qc6+ 26. Kd1 Qxe4 27. gxh6 g6 28. Ngf4 Nf3 29. Rg2 Qb1+ 30. Nc1 Re1+ 0-1

[Event "Steyr Landesliga 1920"]
[Site "Austria"]
[Date "2020.03.07"]
[Round "9.8"]
[White "Ragchaasuren, Boerte"]
[Black "Taucher, Daniel"]
[Result "0-1"]
[WhiteElo "1290"]
[BlackElo "1858"]
[PlyCount "74"]
[EventDate "2019.09.28"]
[EventType "team-tourn"]
[EventRounds "11"]
[EventCountry "AUT"]
[SourceTitle "CBM 195 Extra"]
[Source "ChessBase"]
[SourceDate "2020.05.31"]
[SourceVersion "1"]
[SourceVersionDate "2020.05.31"]
[SourceQuality "1"]
[WhiteTeam "Feldbach Kirchberg"]
[BlackTeam "Baernbach"]
[WhiteTeamCountry "AUT"]
[BlackTeamCountry "AUT"]

1. d4 Nf6 2. c4 g6 3. Nc3 Bg7 4. Bf4 d6 5. Nf3 c6 6. e3 Nh5 7. Bg3 Qa5 8. Bd3 Nd7 9. 0-0 Nxg3 10. fxg3 c5 11. Qc2 cxd4 12. exd4 0-0 13. Rab1 e5 14. dxe5 dxe5 15. Nd5 Qc5+ 16. Kh1 a5 17. b3 Qd6 18. Rfe1 Nc5 19. Kg1 Nxd3 20. Qxd3 Bf5 21. Qe3 Bxb1 22. Rxb1 Rad8 23. Re1 f6 24. Qc3 Qc5+ 25. Ne3 e4 26. Nd2 f5 27. Qc1 Rd3 28. Ndf1 f4 29. gxf4 Rxf4 30. h3 Bd4 31. Kh2 Rf2 32. Kg3 Rxa2 33. Kh2 Ra1 34. Qc2 Rxe1 35. Qf2 Rxf1 36. Qxf1 Qe5+ 37. Kh1 Rxe3 0-1

[Event "AUT-ch U14 Girls"]
[Site "St Veit"]
[Date "2019.06.09"]
[Round "3.3"]
[White "Indarbieva, Iman"]
[Black "Ragchaasuren, Boerte"]
[Result "1-0"]
[WhiteElo "1118"]
[BlackElo "1307"]
[PlyCount "69"]
[EventDate "2019.06.08"]
[EventType "swiss"]
[EventRounds "7"]
[EventCountry "AUT"]
[SourceTitle "EXT 2024"]
[Source "ChessBase"]
[SourceDate "2023.10.10"]
[SourceVersion "1"]
[SourceVersionDate "2023.10.10"]
[SourceQuality "1"]

1. e4 e5 2. Nf3 Nc6 3. Bc4 Bc5 4. d3 h6 5. Be3 Qe7 6. 0-0 Nf6 7. Nc3 0-0 8. Nd5 Nxd5 9. Bxd5 Kh8 10. c3 f5 11. Re1 Bb6 12. Qa4 Qd6 13. Bxb6 cxb6 14. Nh4 Ne7 15. Qc4 Qf6 16. exf5 Nxd5 17. Ng6+ Kg8 18. Nxf8 Qxf8 19. Qxd5+ Kh7 20. Rxe5 d6 21. Re3 Rb8 22. Rf3 Bd7 23. Qd4 Re8 24. f6 gxf6 25. Qxf6 Qe7 26. Qf7+ Kh8 27. Qxe7 Rxe7 28. Rf6 Kg7 29. Rxd6 Be6 30. Re1 Kf7 31. h3 Bxa2 32. Rxe7+ Kxe7 33. Rxh6 Bb1 34. d4 Kd7 35. Kh2 1-0

[Event "AUT-ch U14 Girls"]
[Site "St Veit"]
[Date "2019.06.08"]
[Round "2.5"]
[White "Ragchaasuren, Boerte"]
[Black "Boehm, Lisa Marie"]
[Result "1-0"]
[WhiteElo "1307"]
[BlackElo "846"]
[PlyCount "67"]
[EventDate "2019.06.08"]
[EventType "swiss"]
[EventRounds "7"]
[EventCountry "AUT"]
[SourceTitle "EXT 2024"]
[Source "ChessBase"]
[SourceDate "2023.10.10"]
[SourceVersion "1"]
[SourceVersionDate "2023.10.10"]
[SourceQuality "1"]

1. d4 d5 2. c4 e6 3. Nc3 Nf6 4. Bg5 Nbd7 5. e3 c6 6. Nf3 h6 7. Bf4 Be7 8. Bd3 dxc4 9. Bxc4 b5 10. Bb3 Bb7 11. 0-0 0-0 12. Bc2 b4 13. Ne4 Ba6 14. Re1 c5 15. Qd2 c4 16. Rac1 Nxe4 17. Bxe4 Nf6 18. Bxa8 Qxa8 19. a3 Ne4 20. Qc2 Nf6 21. Qa4 Qc8 22. Ne5 c3 23. axb4 Bd6 24. Rxc3 Qb7 25. Ra1 Bxb4 26. Rb3 Nd5 27. Qxa6 Qxa6 28. Rxa6 Rc8 29. Rc6 Rb8 30. Nxf7 Kxf7 31. Bxb8 a5 32. Bd6 Ke8 33. Bxb4 Nxb4 34. Rc5 1-0

[Event "AUT-ch U14 Girls"]
[Site "St Veit"]
[Date "2019.06.08"]
[Round "1.4"]
[White "Stepanyan, Viktorya"]
[Black "Ragchaasuren, Boerte"]
[Result "1-0"]
[WhiteElo "857"]
[BlackElo "1307"]
[PlyCount "69"]
[EventDate "2019.06.08"]
[EventType "swiss"]
[EventRounds "7"]
[EventCountry "AUT"]
[SourceTitle "EXT 2024"]
[Source "ChessBase"]
[SourceDate "2023.10.10"]
[SourceVersion "1"]
[SourceVersionDate "2023.10.10"]
[SourceQuality "1"]

1. e4 e5 2. Nf3 Nc6 3. Nc3 Bc5 4. Bb5 Nge7 5. d3 a6 6. Bc4 d6 7. Be3 Ba7 8. d4 exd4 9. Bxd4 Nxd4 10. Nxd4 d5 11. exd5 Nxd5 12. Nxd5 c6 13. Qe2+ Kf8 14. Qe4 cxd5 15. Bxd5 Qb6 16. 0-0-0 Bd7 17. Bxb7 Rb8 18. Rhe1 Qxb7 19. Qe7+ Kg8 20. Nb3 h6 21. Rxd7 Qxg2 22. Qxf7+ Kh7 23. Rxa7 Qg5+ 24. f4 Qg4 25. f5 Qg5+ 26. Nd2 Rbd8 27. Qg6+ Qxg6 28. fxg6+ Kxg6 29. Rxa6+ Kh7 30. Rg1 Rhe8 31. Rag6 Re2 32. Rxg7+ Kh8 33. R7g2 Rdxd2 34. Rg8+ Kh7 35. R1g7# 1-0

[Event "EU Union-ch U12 16th"]
[Site "Mureck"]
[Date "2018.08.08"]
[Round "8"]
[White "Ragchaasuren, Boerte"]
[Black "Vu, Tran Tue Anh"]
[Result "0-1"]
[WhiteElo "1257"]
[BlackElo "1239"]
[PlyCount "52"]
[EventDate "2018.08.01"]
[EventType "swiss"]
[EventRounds "9"]
[EventCountry "AUT"]
[SourceTitle "CBM 186 Extra"]
[Source "ChessBase"]
[SourceDate "2018.08.24"]
[SourceVersion "1"]
[SourceVersionDate "2018.08.24"]
[SourceQuality "1"]

1. d4 d5 2. c4 c6 3. e3 Nf6 4. Nc3 Bf5 5. Nf3 e6 6. Bd3 Bg6 7. 0-0 Nbd7 8. Ng5 Bd6 9. c5 Bc7 10. f4 0-0 11. Nf3 Ne4 12. Qc2 Ndf6 13. Nd2 Nxd2 14. Bxd2 Re8 15. h3 b6 16. b4 bxc5 17. bxc5 Ba5 18. f5 exf5 19. Bxf5 Qc7 20. Be1 Rxe3 21. Bd2 Qg3 22. Nxd5 Nxd5 23. Bxa5 Nf4 24. Be1 Qg5 25. Bxg6 Qxg6 26. Qd2 Re2 0-1

[Event "AUT-ch U12 Girls"]
[Site "St Kanzian"]
[Date "2018.05.19"]
[Round "1.6"]
[White "Ragchaasuren, Boerte"]
[Black "Zedrosser, Sandra"]
[Result "1-0"]
[WhiteElo "1225"]
[BlackElo "857"]
[PlyCount "74"]
[EventDate "2018.05.19"]
[EventType "swiss"]
[EventRounds "7"]
[EventCountry "AUT"]
[SourceTitle "EXT 2024"]
[Source "ChessBase"]
[SourceDate "2023.10.10"]
[SourceVersion "1"]
[SourceVersionDate "2023.10.10"]
[SourceQuality "1"]

1. d4 d5 2. c4 Be6 3. e3 g6 4. Bd3 Nc6 5. c5 Bg7 6. Nf3 Nb4 7. Qa4+ Nc6 8. Nc3 Bf5 9. Bb5 Bd7 10. Nxd5 e6 11. Nc3 a6 12. Bxc6 Bxc6 13. Qd1 Ne7 14. 0-0 0-0 15. e4 f5 16. e5 Nd5 17. Ne2 Bb5 18. Re1 Nb4 19. Qb3 Nd3 20. Qxe6+ Rf7 21. Ng5 Qe8 22. Qxe8+ Rxe8 23. Nxf7 Nxe1 24. Nh6+ Kh8 25. Ng3 Bc6 26. f3 Nd3 27. Bg5 Rf8 28. b3 Bd5 29. Rd1 Nb2 30. Rd2 Nc4 31. bxc4 Bxc4 32. Ne2 b6 33. c6 Bb5 34. Rc2 Ba4 35. Rc3 Bb5 36. Nf4 Re8 37. Nd5 Rf8 1-0

[Event "AUT-ch U12 Girls"]
[Site "St Veit"]
[Date "2017.06.05"]
[Round "5.6"]
[White "Ragchaasuren, Boerte"]
[Black "Altinisik, Aleyna"]
[Result "1-0"]
[WhiteElo "1099"]
[BlackElo "853"]
[PlyCount "49"]
[EventDate "2017.06.03"]
[EventType "swiss"]
[EventRounds "7"]
[EventCountry "AUT"]
[SourceTitle "EXT 2024"]
[Source "ChessBase"]
[SourceDate "2023.10.10"]
[SourceVersion "1"]
[SourceVersionDate "2023.10.10"]
[SourceQuality "1"]

1. e4 e5 2. Nf3 Nc6 3. Bb5 Nf6 4. Nc3 d5 5. exd5 Nxd5 6. Nxe5 Bd7 7. Nxd5 Nxe5 8. Qe2 Bd6 9. Bxd7+ Qxd7 10. d4 Qe6 11. dxe5 Bxe5 12. Nb4 0-0 13. 0-0 h5 14. Qxh5 Rfe8 15. Nd3 g6 16. Qg5 Bf6 17. Qe3 Be5 18. f4 f6 19. fxe5 fxe5 20. Qh6 e4 21. Bg5 exd3 22. Rf6 Qe5 23. Rxg6+ Kf7 24. Qh7+ Qg7 25. Qxg7# 1-0

[Event "AUT-ch U10 Girls"]
[Site "St Veit"]
[Date "2016.05.29"]
[Round "7.6"]
[White "Valtiner, Valentina"]
[Black "Ragchaasuren, Boerte"]
[Result "0-1"]
[WhiteElo "809"]
[BlackElo "875"]
[PlyCount "56"]
[EventDate "2016.05.27"]
[EventType "swiss"]
[EventRounds "7"]
[EventCountry "AUT"]
[SourceTitle "EXT 2024"]
[Source "ChessBase"]
[SourceDate "2023.10.10"]
[SourceVersion "1"]
[SourceVersionDate "2023.10.10"]
[SourceQuality "1"]

1. e4 e5 2. Nf3 Nc6 3. Bc4 Bc5 4. Nc3 a6 5. 0-0 Nf6 6. d3 h6 7. h3 0-0 8. Na4 Ba7 9. Qe1 b5 10. Bd5 bxa4 11. Bxc6 dxc6 12. b3 axb3 13. cxb3 Qxd3 14. Ba3 Re8 15. Rd1 Qxe4 16. Nd2 Qg6 17. Bc1 Bxh3 18. g3 Bxf1 19. Qxf1 Qxg3+ 20. Qg2 Qxg2+ 21. Kxg2 Ng4 22. f3 Ne3+ 23. Kf2 Nxd1+ 24. Ke1 Nc3 25. Bb2 Nxa2 26. Ne4 f6 27. Nc3 Nxc3 28. Bxc3 Bd4 0-1

[Event "AUT-ch U10 Girls"]
[Site "St Veit"]
[Date "2016.05.28"]
[Round "5.7"]
[White "Zeindl, Julia"]
[Black "Ragchaasuren, Boerte"]
[Result "0-1"]
[WhiteElo "898"]
[BlackElo "875"]
[PlyCount "84"]
[EventDate "2016.05.27"]
[EventType "swiss"]
[EventRounds "7"]
[EventCountry "AUT"]
[SourceTitle "EXT 2024"]
[Source "ChessBase"]
[SourceDate "2023.10.10"]
[SourceVersion "1"]
[SourceVersionDate "2023.10.10"]
[SourceQuality "1"]

1. e4 e5 2. Nf3 Nc6 3. Nc3 Nf6 4. Bc4 h6 5. d3 a6 6. Be3 Na5 7. 0-0 Nxc4 8. dxc4 Qe7 9. Qd2 Ng4 10. Nd5 Qd6 11. Qb4 Qxb4 12. Nxb4 Bxb4 13. c3 Bd6 14. h3 Nxe3 15. fxe3 0-0 16. Nh4 Bc5 17. b4 Bxe3+ 18. Kh1 d6 19. c5 dxc5 20. bxc5 Bxc5 21. Rad1 Be6 22. a4 b5 23. Nf5 Bxf5 24. exf5 f6 25. a5 Ba7 26. Rd7 Rf7 27. Rxf7 Kxf7 28. Rd1 Ke7 29. Rd3 Rd8 30. Rg3 Kf7 31. Rg4 Rd1+ 32. Kh2 Bg1+ 33. Kg3 Rd3+ 34. Kh4 Rxc3 35. Rg3 Rxg3 36. Kxg3 c6 37. Kf3 c5 38. Ke2 c4 39. Kd2 b4 40. g4 b3 41. h4 Bd4 42. Kc1 e4 0-1